Detalles y proyectos de dparquitectura / (Registro nro. 4011)
[ vista simple ]
| 000 -LEADER | |
|---|---|
| fixed length control field | 01304nas a2200325Ia 4500 |
| 003 - CONTROL NUMBER IDENTIFIER | |
| control field | PE SENCICO BE |
| 005 - DATE AND TIME OF LATEST TRANSACTION | |
| control field | 20251020182632.0 |
| 008 - FIXED-LENGTH DATA ELEMENTS--GENERAL INFORMATION | |
| fixed length control field | 230227c99999999xx |||||||||||| ||spa|| |
| 022 ## - INTERNATIONAL STANDARD SERIAL NUMBER | |
| International Standard Serial Number | 23408677 |
| 040 ## - CATALOGING SOURCE | |
| Original cataloging agency | PE SENCICO BE |
| Transcribing agency | PE SENCICO BE |
| 041 ## - LANGUAGE CODE | |
| Language code of text/sound track or separate title | spa |
| 110 1# - MAIN ENTRY--CORPORATE NAME | |
| Corporate name or jurisdiction name as entry element | Infoedita Comunicación Profesional |
| 9 (RLIN) | 2377 |
| 245 10 - TITLE STATEMENT | |
| Title | Detalles y proyectos de dparquitectura / |
| Statement of responsibility, etc. | Infoedita Comunicación Profesional |
| 260 ## - PUBLICATION, DISTRIBUTION, ETC. | |
| Place of publication, distribution, etc. | Madrid: |
| Name of publisher, distributor, etc. | Infoedita ; |
| Date of publication, distribution, etc. | 2019 - |
| 500 ## - GENERAL NOTE | |
| General note | Descripción basada en: N° 25 (2019) |
| 520 3# - SUMMARY, ETC. | |
| Summary, etc. | Su temática abarca todos los aspectos de la arquitectura incidiendo especialmente en los detalles constructivos y en la exposición de los materiales, productos y servicios de aplicación directa en los proyectos reales. Pretende ser un aliado de los arquitectos a la hora de proyectar. |
| 650 10 - SUBJECT ADDED ENTRY--TOPICAL TERM | |
| Topical term or geographic name entry element | Proyectos de edificaciones |
| 9 (RLIN) | 940 |
| 650 20 - SUBJECT ADDED ENTRY--TOPICAL TERM | |
| Topical term or geographic name entry element | Arquitectura |
| 9 (RLIN) | 49 |
| 650 20 - SUBJECT ADDED ENTRY--TOPICAL TERM | |
| Topical term or geographic name entry element | Diseño arquitectónico |
| 9 (RLIN) | 18 |
| 650 20 - SUBJECT ADDED ENTRY--TOPICAL TERM | |
| Topical term or geographic name entry element | Viviendas multifamiliares |
| 9 (RLIN) | 1456 |
| 650 20 - SUBJECT ADDED ENTRY--TOPICAL TERM | |
| Topical term or geographic name entry element | Arquitectura paisajista |
| 9 (RLIN) | 1409 |
| 650 20 - SUBJECT ADDED ENTRY--TOPICAL TERM | |
| Topical term or geographic name entry element | Arquitectura urbana |
| 9 (RLIN) | 570 |
| 650 20 - SUBJECT ADDED ENTRY--TOPICAL TERM | |
| Topical term or geographic name entry element | Arquitectura de viviendas |
| 9 (RLIN) | 370 |
| 650 20 - SUBJECT ADDED ENTRY--TOPICAL TERM | |
| Topical term or geographic name entry element | Viviendas unifamiliares |
| 9 (RLIN) | 1628 |
| 866 ## - TEXTUAL HOLDINGS--BASIC BIBLIOGRAPHIC UNIT | |
| Existencias | 2014 4(3,4,5,6) |
| 866 ## - TEXTUAL HOLDINGS--BASIC BIBLIOGRAPHIC UNIT | |
| Existencias | 2019 : No. 25 |
| 866 ## - TEXTUAL HOLDINGS--BASIC BIBLIOGRAPHIC UNIT | |
| Existencias | 2019 : No. 26 |
| 910 ## - USER-OPTION DATA (OCLC) | |
| User-option data | hfp |
| -- | hfp |
| -- | hfp |
| 942 ## - ADDED ENTRY ELEMENTS (KOHA) | |
| Koha item type | Revista |
| Fecha de la última vez que lo usaron | Pago total | Signatura topográfica completa | Código de barras | Precio efectivo desde | Tipo de documento | Estado perdido | Estado dañado | No es para préstamo | Retirado | Ubicación permanente | Ubicación actual | Fecha de adquisición |
|---|---|---|---|---|---|---|---|---|---|---|---|---|
| 28/02/2023 | No. 25; 2019 | BibLima24070029 | 28/02/2023 | Revista | Biblioteca Central Lima | Biblioteca Central Lima | 28/02/2023 | |||||
| 03/07/2024 | No. 26; 2019 | BibLima24070030 | 03/07/2024 | Revista | Biblioteca Central Lima | Biblioteca Central Lima | 03/07/2024 |